| 000 | 00584cam a22002292a 4500 | ||
|---|---|---|---|
| 001 | 003905 | ||
| 003 | AR-FADEU | ||
| 008 | 311216n1994####xxu####################dd | ||
| 020 | _a950-620-075-0 | ||
| 092 |
_aA861.42 _bA444 |
||
| 100 | _aAlmafuerte | ||
| 245 | _aAntología de poesías | ||
| 260 | _aBuenos Aires | ||
| 260 | _bSecretaría de Cultura de la Nación | ||
| 260 | _bClaridad | ||
| 260 | _c1994 | ||
| 300 | _a179 p | ||
| 440 |
_aIdentidad Nacional _n5 |
||
| 500 | _aPrólogo de Alberto Blasi Brambilla | ||
| 650 | _aLITERATURA ARGENTINA-POESIA | ||
| 942 | _cBDGR | ||
| 999 |
_c9732 _d9732 |
||